清远市知识测验 Qingyuan city quiz - Statistics

General Stats
  • This quiz has been taken 15 times
  • The average score is 10 of 17
Answer Stats
问题 答案 % Correct
清远的车牌代码 粤R
100%
流经清远城区的主要河流 北江
91%
京广铁路不经过清远市区,但经过清远下辖的这个县级市市区附近 英德市
91%
清远的民族自治县的自治主体 连南{瑶族}自治县
91%
在广东享有盛名的农业特产 清远鸡
73%
清远的民族自治县的自治主体 连山{壮族瑶族}自治县
73%
该河流在清远辖区内主要的支流 连江
64%
为清远长隆特别建设的轨道交通线路类型 (中低速)磁浮
64%
清远的黄腾峡等山谷景区主营的旅游项目 漂流
45%
连州市的喀斯特地貌景区 连州地下河
45%
广清城际铁路已开通段的北端终点站 清城站
45%
南北向通过清远市区的国道编号 G{107}
45%
建设在城区上游,广东省最大的综合性水利枢纽工程 飞来峡水利枢纽
36%
市区内的大型湿地公园 飞来湖
27%
广清城际铁路已开通段的南端终点站 广州北站
27%
清代清远境内设立的直隶厅 佛冈厅
27%
特产的肉用鹅种 乌鬃鹅
18%
No matching quizzes found
Score Distribution
Percent of People with Each Score
Percentile by Number Answered
Your Score History
You have not taken this quiz